Yorkshire Regional Health Authority v AMEC Building Ltd (Record no. 12623)

MARC details
000 -LEADER
fixed length control field 01433cab a2200241 4500
001 - CONTROL NUMBER
control field X1738
008 - FIXED-LENGTH DATA ELEMENTS--GENERAL INFORMATION
fixed length control field 090401t1994 xxu||||| |||| 00| 0 eng d
035 ## - SYSTEM CONTROL NUMBER
System control number (Sirsi) u18971
041 ## - LANGUAGE CODE
Language code of text/sound track or separate title eng
245 ## - TITLE STATEMENT
Title Yorkshire Regional Health Authority v AMEC Building Ltd
260 ## - PUBLICATION, DISTRIBUTION, ETC.
Date of publication, distribution, etc. 1994
350 ## - PRICE (NR) (BK AM CF MU VM SE) [OBSOLETE]
Price 0
490 ## - SERIES STATEMENT
Series statement Construction Law Journal
Volume/sequential designation (1994) 10 CLJ 336-345(10)
520 ## - SUMMARY, ETC.
Summary, etc. ORB 11 May 1994. Y engaged P as architects and F as contractors for the design and construction of hospital buildings in Bradford. In September 1992 Y issued a writ against F and P alleging defects in the buildings. F alleged there was a final certificate which provided a complete defence and thus Y pleaded a secondary cause of action against P for negligence. In 1990 the SoS established the buildings as an NHS trust and an agreement was made under which the rights and liabilities under the agreements with F and P were transferred from Y to the trust. Y applied to join the trust as a party to the proceedings to enable it to carry on with proceedings against F and P pursuant to RSC Order 15, r.7(2). Y`s application allowed.
650 ## - SUBJECT ADDED ENTRY--TOPICAL TERM
Topical term or geographic name entry element LIMITATION ACT 1980
650 ## - SUBJECT ADDED ENTRY--TOPICAL TERM
Topical term or geographic name entry element NATIONAL HEALTH SERVICE AND COMMUNITY CARE ACT 1990
650 ## - SUBJECT ADDED ENTRY--TOPICAL TERM
Topical term or geographic name entry element NHS TRUSTS
650 ## - SUBJECT ADDED ENTRY--TOPICAL TERM
Topical term or geographic name entry element RSC ORDER 15
650 ## - SUBJECT ADDED ENTRY--TOPICAL TERM
Topical term or geographic name entry element YORKSHIRE REGIONAL HEALTH AUTHORITY V AMEC BUILDING LTD
690 ## - LOCAL SUBJECT ADDED ENTRY--TOPICAL TERM (OCLC, RLIN)
Topical term or geographic name as entry element BUILDING AND CONSTRUCTION-CASE LAW
942 ## - ADDED ENTRY ELEMENTS (KOHA)
Suppress in OPAC 0
948 ## - LOCAL PROCESSING INFORMATION (OCLC); SERIES PART DESIGNATOR (RLIN)
c (OCLC) 04/03/1997
Holdings
Withdrawn status Lost status Source of classification or shelving scheme Damaged status Not for loan Home library Current library Shelving location Date acquired Total Checkouts Full call number Barcode Date last seen Copy number Price effective from Koha item type
    Dewey Decimal Classification     London London Journal article 14/09/1999   X1738 18971-1001 06/08/2019 1 06/08/2019 Law report